| 000 | 00544nmm a2200169Ia 4500 | ||
|---|---|---|---|
| 008 | 251105s9999||||xx |||||||||||||||||und|| | ||
| 020 | _a9788499402734 | ||
| 041 | _aspa | ||
| 100 | _aMartínez, Fernando | ||
| 245 | 0 |
_aEl Republicanismo de ayer a hoy. : _b Culturas políticas y retos de futuro |
|
| 264 |
_a[Madrid, España] : _bBiblioteca Nueva, _c2012 |
||
| 300 | _a312 páginas | ||
| 490 | _aHistoria Biblioteca Nueva | ||
| 650 | _aPolitical Science (General) | ||
| 856 | _uhttps://public.digitaliapublishing.com/a/17626 | ||
| 942 | _cCF | ||
| 999 |
_c92668 _d92668 |
||